000
00223nam a2200109Ia 4500
100
_a
KENNEDY/PAUL
942
_c
BK
245
_a
PREPARING FOR THE TWENTY-FIRST CENTURY
260
_b
#N/A
546
_a
ENGLISH
999
_c
33857
_d
33857